Việt Nam thi nhân tiền chiến; T2

Na minha lista:
Detalhes bibliográficos
Autor principal: Nguyễn, Tấn Long
Formato: Livro
Idioma:Undetermined
Publicado em: Hà Nội Văn Học 1996
Assuntos:
Tags: Adicionar Tag
Sem tags, seja o primeiro a adicionar uma tag!
Thư viện lưu trữ: Trung tâm Học liệu Trường Đại học Cần Thơ
LEADER 00543nam a2200169Ia 4500
001 CTU_22122
008 210402s9999 xx 000 0 und d
082 |a 895.922131 
082 |b L431/T2 
100 |a Nguyễn, Tấn Long 
245 0 |a Việt Nam thi nhân tiền chiến; T2 
245 0 |c Nguyễn Tấn Long, Nguyễn Tấn Trọng 
260 |a Hà Nội 
260 |b Văn Học 
260 |c 1996 
650 |a vietnamese poetry - history and criticism 
980 |a Trung tâm Học liệu Trường Đại học Cần Thơ